What happens during business cycles: a progress report (Record no. 480612)

000 -LEADER
fixed length control field 00388cam a22001217a 4500
008 - FIXED-LENGTH DATA ELEMENTS--GENERAL INFORMATION
fixed length control field 180718b1951 xxu||||| |||| 00| 0 eng d
082 ## - DEWEY DECIMAL CLASSIFICATION NUMBER
Classification number T17 M696w
100 ## - MAIN ENTRY--PERSONAL NAME
Personal name Mitchell, Wasley C.
245 ## - TITLE STATEMENT
Title What happens during business cycles: a progress report
Statement of responsibility, etc. by Wasley C. Mitchell
260 ## - PUBLICATION, DISTRIBUTION, ETC.
Place of publication, distribution, etc. New York
Name of publisher, distributor, etc. National Bureau of Economic Research
Date of publication, distribution, etc. 1951
300 ## - PHYSICAL DESCRIPTION
Extent 386p.
650 ## - SUBJECT ADDED ENTRY--TOPICAL TERM
Topical term or geographic name entry element Business cycles
Holdings
Withdrawn status Lost status Damaged status Not for loan Permanent Location Current Location Date acquired Full call number Barcode Date last seen Price effective from Koha item type
        Indian Institute of Public Administration Indian Institute of Public Administration 2018-08-04 T17 M696w GR873 2018-08-04 2018-08-04 GR

Powered by Koha